000 00808nam a2200265 i 4500
001 186317
003 SpMaBN
005 20240429125853.0
008 161024s1983 sp |||| |dspa d
020 _a84-7223-076-7
080 _a918.66(0:840-992)
080 _a840-992"19"
100 1 _aMichaux, Henri.
_980881
245 1 0 _aEcuador
_b: diario de viaje /
_cHenri Michaux ; traducción de Cristóbal Serra.
250 _a1ª ed.
260 _aBarcelona :
_bTusquets,
_c1983.
300 _a143 p. ;
_c19 cm.
490 1 _aMarginales ;
_v76
651 7 _aEcuador-
_xDescripción.
_9161101
700 1 _aSerra, Cristóbal.
_9105603
830 0 0 _aMarginales ;
_v76
_9236110
852 _aES-MaACL
_jL-30674
_z. - Donat. Miguel A. Velasco
942 _2udc
999 _c186317
_d186317